000
00293nam a22001337a 4500
020
_a
81-224-1173-6
041
_a
ENG
100
_a
Das. L.D.V
245
_a
Plant Breeding
260
_a
Pune
_b
New Age International
_c
1998
300
_a
334
650
_a
Agricultural
856
_u
Agricultural
999
_c
443
_d
443